| 000 | 00370nam a22001577a 4500 | ||
|---|---|---|---|
| 003 | CEME | ||
| 005 | 20210628201634.0 | ||
| 008 | 210212b xxu||||| |||| 00| 0 eng d | ||
| 040 | _c. | ||
| 082 | _a690.2 AIJ | ||
| 100 |
_aAijaz Ahmed _956116 |
||
| 245 | _aArchitectural acoustics | ||
| 260 |
_aPAKISTAN _bAES PUBLISHER _c1998 |
||
| 300 | _aVII,114P | ||
| 942 |
_cBK _2ddc |
||
| 999 |
_c566637 _d566637 |
||